000 00569nam a2200193 a 4500
005 20240925070024.0
008 991125s1964 mx 000 0 spa u
035 _aUPN01000039014
049 _aCG
050 4 _aHT391
_bR6.48
100 1 _aRodwin, Lloyd
245 1 3 _aLa metrópoli del futuro /
_cLloyd Rodwin ; tr. de Francisco Gómez Palacio.
260 _aMéxico :
_bLibreros Mexicanos Unidos,
_c1964.
300 _a298 p. :
_bil.
440 3 _aEl mundo de hoy ;
_v1016
650 4 _aPlanificación regional
_91110
650 4 _aUrbanismo
_91148
905 _aLibro
999 _c39014
_d39014